| 000 | 01100nam0a22003011 4500 | ||
|---|---|---|---|
| 001 | rc\4248098 | ||
| 005 | 20130416113647.9 | ||
| 035 | _a(NLR Aleph) 008233156 | ||
| 090 |
_a8229748 _c8229748 |
||
| 100 | _a20130416d1966 |||y0rusy50 ca | ||
| 101 | 0 | _arus | |
| 102 | _aRU | ||
| 105 | _aa z ||||| | ||
| 200 | 1 |
_aО тормозном излучении фотона при столкновении электронов большой энергии _fИн-т ядерной физики Сиб. отд-ния АН СССР |
|
| 210 |
_aНовосибирск _cБ. и. _d1966 |
||
| 215 |
_a14 с. _cил. _d24 |
||
| 300 | _aОтпеч. множит. аппаратом | ||
| 300 | _aПеред загл. авт.: В.Н. Байер, В.С. Федин, В.А. Хозе | ||
| 320 | _aБиблиогр.: с. 14 | ||
| 700 | 1 |
_aБайер _bВ. Н. _gВладимир Николаевич |
|
| 701 | 1 |
_aХозе _bВ. А. |
|
| 701 | 1 |
_aФадин _bВ. С. |
|
| 801 | 0 |
_aRU _bNLR _gpsbo |
|
| 801 | 1 |
_aRU _bELAR _2rusmarc |
|
| 852 |
_aNLR _j67-7/891 |
||
| 852 |
_aNLR _j67-7/405 |
||
| 942 | _cBOOK | ||
| 980 | _aNB | ||